Khả năng kháng nấm Fusarium solani gây thối quả cà chua sau thu hoạch của nanochitosan /
Kaydedildi:
| Yazar: | |
|---|---|
| Diğer Yazarlar: | , , , |
| Materyal Türü: | Makale |
| Dil: | Vietnamese |
| Konular: | |
| Etiketler: |
Etiketle
Etiket eklenmemiş, İlk siz ekleyin!
|
| Thư viện lưu trữ: | Thư viện Trường Đại học Đà Lạt |
|---|
| LEADER | 01074nam a2200325 4500 | ||
|---|---|---|---|
| 001 | DLU190192185 | ||
| 005 | ##20190903 | ||
| 040 | # | # | |a DLU |b vie |
| 041 | # | # | |a vie |
| 044 | # | # | |a vn |
| 100 | # | # | |a Nguyễn Thị Thuỷ Tiên. |
| 245 | # | # | |a Khả năng kháng nấm Fusarium solani gây thối quả cà chua sau thu hoạch của nanochitosan / |c Nguyễn Thị Thuỷ Tiên,...[và những người khác]. |
| 653 | # | # | |a Bảo quản rau quả |
| 653 | # | # | |a Chất diệt nấm |
| 653 | # | # | |a Fusarium |
| 653 | # | # | |a Hiệu lực ức chế |
| 653 | # | # | |a Nanochitosan |
| 700 | # | # | |a Lê Thanh Long |
| 700 | # | # | |a Nguyễn Cao Cường |
| 700 | # | # | |a Nguyễn Hiền Trang |
| 700 | # | # | |a Trần Thị Thu Hà |
| 773 | # | # | |t Nông nghiệp & Phát triển nông thôn |g Số 306+307, 2017, tr. 65-72 |
| 920 | # | # | |a Phòng Tạp chí -- Trung tâm Thông tin - Thư viện Trường Đại học Đà Lạt |
| 900 | # | # | |a True |
| 911 | # | # | |a Nguyễn Thị Thu Phương |
| 925 | # | # | |a G |
| 926 | # | # | |a A |
| 927 | # | # | |a BB |
| 980 | # | # | |a Thư viện Trường Đại học Đà Lạt |